Nohale miśrad ba-ʻIriyah.

Saved in:
Bibliographic Details
Corporate Authors: Tel Aviv (Israel) Maḥlaḳah le-yaʻal ule-hadrakhah., Tel Aviv (Israel)
Format: Book
Language:Hebrew
Published: Tel-Aviv : ʻIriyat Tel-Aviv-Yafo, 1970.
Subjects:
Tags: Add Tag
No Tags, Be the first to tag this record!
LEADER 00554nam a22001937u 4500
001 008679237-7
005 20020606104010.5
008 010709s1970 is |||||||heb|d
035 0 |a ocm84074450 
110 1 |a Tel Aviv (Israel)  |b Maḥlaḳah le-yaʻal ule-hadrakhah. 
245 1 0 |a Nohale miśrad ba-ʻIriyah. 
260 |a Tel-Aviv :  |b ʻIriyat Tel-Aviv-Yafo,  |c 1970. 
300 |a 62 p. 
651 0 |a Tel Aviv (Israel) 
650 0 |a Office practice  |z Israel  |z Tel Aviv. 
710 1 |a Tel Aviv (Israel) 
752 |a Israel  |d Tel Aviv 
988 |a 20020608 
906 |0 MH